|
|
|
|
| LEADER |
01171nam a2200349 4500 |
| 001 |
000006230 |
| 003 |
2385 |
| 005 |
20120817140817.0 |
| 008 |
110905s2000 viesd |
| 020 |
|
|
|c 22000đ
|
| 041 |
0 |
|
|a vie
|
| 082 |
|
|
|a 158.1
|b NG-B
|
| 100 |
0 |
|
|a Nguyễn Ngọc Bích
|
| 245 |
|
0 |
|a Tâm lý học nhân cách
|b Một số vấn đề lý luận
|c Nguyễn Ngọc Bích
|
| 260 |
|
|
|a H.
|b Đại học Quốc gia Hà Nội
|c 2000
|
| 300 |
|
|
|a 303 tr
|c 21 cm
|
| 504 |
|
|
|a Thư mục tr : 301
|
| 653 |
|
|
|a Tâm lí học
|
| 653 |
|
|
|a Nhân cách
|
| 653 |
|
|
|a một số vấn đề lí luận
|
| 700 |
|
|
|a Nguyễn Ngọc Bích
|e Tác giả
|
| 910 |
|
|
|a Nguyễn Thị Kim Oanh
|d 05/09/2011
|
| OWN |
|
|
|a LSP
|
| AVA |
|
|
|a UDN50
|b LSP
|d 158.1 NG-B
|e check_holdings
|t Error 5003 Not defined in file expand_doc_bib_avail.
|h N
|k 1
|
| 999 |
|
|
|a From the UDN01
|
| AVA |
|
|
|a UDN50
|b LSP
|d 158.1 NG-B
|e available
|t Error 5001 Not defined in file expand_doc_bib_avail.
|f 43
|g 5
|h N
|i 38
|k 1
|
| TYP |
|
|
|a Monograph
|
| TYP |
|
|
|a Printed language
|
| 980 |
|
|
|a Mạng thư viện Đại học Đà Nẵng
|